LEADER 03218nam 2200637Ia 450 001 9910139192603321 005 20230725015552.0 010 $a1-118-05787-2 010 $a1-282-64324-X 010 $a9786612643248 010 $a0-470-64281-5 010 $a0-470-64280-7 035 $a(CKB)2560000000011995 035 $a(EBL)542998 035 $a(OCoLC)645098636 035 $a(SSID)ssj0000423134 035 $a(PQKBManifestationID)11310908 035 $a(PQKBTitleCode)TC0000423134 035 $a(PQKBWorkID)10438481 035 $a(PQKB)10254823 035 $a(MiAaPQ)EBC542998 035 $a(Au-PeEL)EBL542998 035 $a(CaPaEBR)ebr10395513 035 $a(CaONFJC)MIL264324 035 $a(EXLCZ)992560000000011995 100 $a20100224d2010 uy 0 101 0 $aeng 135 $aur|n|---||||| 181 $ctxt 182 $cc 183 $acr 200 10$aMicrocellular injection molding$b[electronic resource] /$fJingyi Xu 210 $aHoboken, N.J. $cWiley$dc2010 215 $a1 online resource (630 p.) 225 1 $aWiley series on plastics engineering and technology 300 $aIncludes index. 311 $a0-470-46612-X 327 $aMICROCELLULAR INJECTION MOLDING; CONTENTS; FOREWORD; PREFACE; 1: INTRODUCTION; 2: BASICS OF MICROCELLULAR INJECTION MOLDING; 3: MORPHOLOGY OF MICROCELLULAR MATERIALS; 4: MATERIALS FOR MICROCELLULAR INJECTION MOLDING; 5: DESIGN OF MICROCELLULAR INJECTION MOLDING; 6: PROCESS FOR MICROCELLULAR INJECTION MOLDING; 7: EQUIPMENT AND MACHINES FOR MICROCELLULAR INJECTION MOLDING; 8: SPECIAL PROCESSES; 9: MODELING OF MICROCELLULAR INJECTION MOLDING; 10: POST PROCESSING AND PROPERTY TEST OF MICROCELLULAR INJECTION MOLDING; 11: MARKETS AND APPLICATIONS OF MICROCELLULAR INJECTION MOLDING 327 $a12: COST SAVINGS FOR MICROCELLULAR INJECTION MOLDINGNOMENCLATURE; APPENDIX A (CHAPTER 7); APPENDIX B (CHAPTER 7); APPENDIX C (CHAPTER 5); APPENDIX D (CHAPTER 5); APPENDIX E (CHAPTER 5); APPENDIX F (CHAPTER 6); APPENDIX G (CHAPTER 9); APPENDIX H (GLOSSARY); INDEX 330 $aThis book presents the most important aspects of microcellular injection molding with applications for science and industry. The book includes: experimental rheology and pressure-volume-temperature (PVT) data for different gas materials at real injection molding conditions, new mathematical models, micrographs of rheological and thermodynamic phenomena, and the morphologies of microcellular foam made by injection molding. Further, the author proposes two stages of processing for microcellular injection molding, along with a methodology of systematic analysis for process optimization. This give 410 0$aWiley series on plastics engineering and technology. 606 $aMolding (Chemical technology) 606 $aFoamed materials 606 $aMicrofluidics 615 0$aMolding (Chemical technology) 615 0$aFoamed materials. 615 0$aMicrofluidics. 676 $a668.4/12 700 $aXu$b Jingyi$0939839 801 0$bMiAaPQ 801 1$bMiAaPQ 801 2$bMiAaPQ 906 $aBOOK 912 $a9910139192603321 996 $aMicrocellular injection molding$92119013 997 $aUNINA LEADER 01233nam0 22002771i 450 001 UON00075910 005 20231205102410.334 100 $a20020107f |0itac50 ba 101 $aspa 102 $aES 105 $a|||| ||||| 200 1 $aRelaciones de Africa (Ceuta y Melilla)$fpor Ignacio Bauer Landauer 210 $aMadrid$cEditorial Ibero-Africano-Americana$d[19..] - xv$d339 p. ; 27 cm 316 $adata inesatta$5IT-UONSI B Afr3/0214 410 1$1001UON00066633$12001 $aBiblioteca Hispano Marroqui 606 $aSpagna$xRelazioni con il Magreb$3UONC022467$2FI 620 $aES$dMadrid$3UONL000218 676 $a303.48246061$cRELAZIONI CULTURALI DELLA SPAGNA CON IL MAGREB$v21 700 1$aLANDAUER$bIgnacio Bauer$3UONV048605$0659977 712 $aEditorial Ibero-africano-americana$3UONV257868$4650 801 $aIT$bSOL$c20260220$gRICA 899 $aSIBA - SISTEMA BIBLIOTECARIO DI ATENEO E ARCHIVIO STORICO$2UONSI 912 $aUON00075910 950 $aSIBA - SISTEMA BIBLIOTECARIO DI ATENEO E ARCHIVIO STORICO$dSI 3 0214 $eSI MR 1384 7 0214 data inesatta 996 $aRelaciones de Africa (Ceuta y Melilla$91163850 997 $aUNIOR